000 00948nam0a22002531 4500
001 rc\3156264
005 20250530084538.0
021 _aRU
_b[77-26812]
035 _a(NLR Aleph) 007323781
090 _a5937479
_c5937479
100 _a20120615d1976 |||y0rusy50 ca
101 0 _arus
102 _aRU
105 _aa z |||||
200 1 _aСистема ведения сельского хозяйства Восточной Сибири
_e(Рекомендации)
_fКраснояр. науч.-исслед. ин-т сел. хоз-ва
210 _aКрасноярск
_cБ. и.
_d1976
215 _a600 с.
_cил.
_d20
606 _aСельское хозяйство
_yВосточная Сибирь
_2psbo
712 0 2 _aКрасноярский НИИ сельского хозяйства
_9310097
_3RU\NLR\AUTH\8818446
801 0 _aRU
_bNLR
_gpsbo
801 1 _aRU
_bELAR
_2rusmarc
852 _aNLR
_j77-3/5848
942 _cBOOK
980 _aNB